000
00304nam a22001217a 4500
020
_a
8123912013
082
_2
22
_a
629.819
100
_a
Prasad, S.K.
245
_a
Problems and solutions in control systems /
260
_a
New Delhi,
_b
CBS,
_c
c2009.
300
_a
456p. ;
_b
ill. ;
_c
21 cm.
942
_2
ddc
_c
EE
_0
6
999
_c
402
_d
402